AVERY'S DRUG TREATMENT (Record no. 19129)

MARC details
000 -LEADER
fixed length control field 00347nam a22001577a 4500
003 - CONTROL NUMBER IDENTIFIER
control field SGT
020 ## - INTERNATIONAL STANDARD BOOK NUMBER
International Standard Book Number 978-81-265-3032-8
082 ## - DEWEY DECIMAL CLASSIFICATION NUMBER
Classification number 615.58
Item number A18H
100 ## - MAIN ENTRY--PERSONAL NAME
Personal name HOLFORD,NICHOLAS.H.G,ed.
245 ## - TITLE STATEMENT
Title AVERY'S DRUG TREATMENT
250 ## - EDITION STATEMENT
Edition statement 4TH
260 ## - PUBLICATION, DISTRIBUTION, ETC. (IMPRINT)
Place of publication, distribution, etc NEW DELHI
Name of publisher, distributor, etc WILLEY PUB
Year of Publication 2018
300 ## - PAGE DESCRIPTION
No. of Pages 932
650 ## - SUBJECT ADDED ENTRY--TOPICAL TERM
Topical term or geographic name as entry element PHARMACY
942 ## - ADDED ENTRY ELEMENTS (KOHA)
Source of classification or shelving scheme Dewey Decimal Classification
Koha item type Books
Holdings
Withdrawn status Lost status Source of classification or shelving scheme Damaged status Use restrictions Not for loan Collection code Home library Current library Shelving location Date acquired Vendor Name Cost, normal purchase price Volume Information (Serial or Books or Non-Book Material) SGTU Bill Number Full call number Accession No. (Barcode) Date last seen Bill Date Koha item type
    Dewey Decimal Classification   Restricted Access   PHARMACY SGT FA-FP Library SGT FA-FP Library Reference Book 18/09/2019 AHUJA PUB 9995.00 1 SGTU 11356 615.58 A18H FP3388 18/09/2019 12/09/2019 Books
    Dewey Decimal Classification   Restricted Access   PHARMACY SGT FA-FP Library SGT FA-FP Library Reference Book 18/09/2019 AHUJA PUB 9995.00 1 SGTU 11356 615.58 A18H FP3389 18/09/2019 12/09/2019 Books